000
00368nam a22001217a 4500
003
SGT
020
_a
9788178571300
082
_a
891.4309
_b
B08S
100
_a
शुक्ल, भानुप्रताप
245
_a
भानुप्रताप शुक्ल समग्र
260
_b
साहित्य प्रकाशन
_c
2008
942
_2
ddc
_c
BK
999
_c
31219
_d
31219